Les réponses commencent par AB - Statistiques

Statistiques générales
  • Ce quiz a été pris 263 fois
  • Le résultat moyen est 17 sur 20
Statistiques - réponses
Réponse % Correct
ABBA
98%
Abeille
97%
Aboiement
96%
Abricot
95%
Abattoir
93%
Abbaye
91%
Abandonner
90%
Absence
90%
Abdomen
89%
Abreuvoir
89%
Abuser
86%
Abysse
86%
Abîmer
84%
Abel
79%
Abraham
78%
Abidjan
76%
Absinthe
69%
Abrupt
66%
Abréviation
62%
Absurde
56%
Aucun quiz correspondant
Distribution des résultats
% des personnes avec chaque résultat
Percentile par nombre de réponses
Votre historique - résultats
Vous n’avez pas pris ce quiz